| 000 | 00799nam a22002177a 4500 | ||
|---|---|---|---|
| 999 |
_c20892 _d20892 |
||
| 003 | AR-CdUCM | ||
| 008 | 190402b ||||| |||| 00| 0 spa d | ||
| 040 |
_aMUNICIPALIDAD PROVINCIAL DEL CUSCO _cBIBLIOTECA MUNICIPAL DEL CUSCO |
||
| 082 |
_aEP / 372.64 / _bD25 |
||
| 100 |
_aDaroqui, Julia _943529 |
||
| 245 | _aLas mil y una noches / | ||
| 260 |
_bSigmar, _aBuenos Aires : _c1960. |
||
| 300 |
_bIlustraciones, _c34 cm. _a60 pƔginas ; |
||
| 440 |
_aColeccion estrella _943603 |
||
| 505 | _aContenido : Historia del caballo encantado -- Aladino y la lampara maravillosa -- Beber, el principe de Persia -- El tarro de aceitunas... | ||
| 650 |
_aLiteratura infantil _9588 |
||
| 650 |
_aCuentos _9217 |
||
| 700 |
_aMartinez Koh, Santos (ilustración) _943604 |
||
| 942 |
_2ddc _cLIBROS |
||
| 945 | _arcc | ||